Impuesto de sellos (Registro nro. 840)
[ vista simple ]
| 000 -LEADER | |
|---|---|
| fixed length control field | 01305 a2200229 4500 |
| 001 - CONTROL NUMBER | |
| control field | 21672 |
| 005 - DATE AND TIME OF LATEST TRANSACTION | |
| control field | 20260407155507.0 |
| 008 - FIXED-LENGTH DATA ELEMENTS--GENERAL INFORMATION | |
| fixed length control field | 260407a2004 arg spa d |
| 003 - CONTROL NUMBER IDENTIFIER | |
| control field | AR-UNSa-BCEJYS |
| 040 ## - CATALOGING SOURCE | |
| Original cataloging agency | AR-UNSa-BCEJYS |
| Language of cataloging | spa |
| Transcribing agency | AR-UNSa-BCEJYS |
| 080 ## - UNIVERSAL DECIMAL CLASSIFICATION NUMBER | |
| Universal Decimal Classification number | 336.226.2 |
| Common auxiliary subdivision | Impuestos sobre las propiedades (Impuestos de sellos)<br/> |
| 020 ## - INTERNATIONAL STANDARD BOOK NUMBER | |
| International Standard Book Number | 987-01-0279-4 |
| 100 1# - MAIN ENTRY--PERSONAL NAME | |
| Personal name | Díaz, Vicente O. |
| 245 10 - TITLE STATEMENT | |
| Title | Impuesto de sellos |
| 250 ## - EDITION STATEMENT | |
| Edition statement | 2a. ed |
| 264 #1 - PRODUCTION, PUBLICATION, DISTRIBUTION, MANUFACTURE, AND COPYRIGHT NOTICE | |
| Place of production, publication, distribution, manufacture | Buenos Aires : |
| Name of producer, publisher, distributor, manufacturer | Errepar |
| Date of production, publication, distribution, manufacture, or copyright notice | 2004 |
| 300 ## - PHYSICAL DESCRIPTION | |
| Extent | xx, 332 p. |
| Dimensions | 21 cm. |
| 505 ## - FORMATTED CONTENTS NOTE | |
| Formatted contents note | 1. Naturaleza del gravamen - 2. Hecho imponible del impuesto - 3. Base de imposición - 4. Actos de contenido singular o plural - 5. Eficacia de la ley de sellos en el tiempo y en el espacio - 6. Contratos entre ausentes - 7. Distintos supuestos del derecho obligacional - 8. Operaciones con inmuebles - 9. Obligaciones.accesorias - 10. Compraventa y cesión de derechos - 11. Pagos por subrogación - 12. Sociedades - 13. Otros instrumentos y operaciones - 13. Otros instrumentos y operaciones - 14. Operaciones de Bolsa - 15. Exenciones - 16. Ilícitos fiscales - 17. Consulta fiscal. |
| 590 ## - LOCAL NOTE (RLIN) | |
| Local note | niveau_biblio:m niveau_hierar:0 |
| 856 41 - ELECTRONIC LOCATION AND ACCESS | |
| Uniform Resource Identifier | <a href="https://biblioeco.unsa.edu.ar/pmb/images/libros/Impuesto de Sellos.jpg">https://biblioeco.unsa.edu.ar/pmb/images/libros/Impuesto de Sellos.jpg</a> |
| Link text | Imagen de portada |
| Electronic format type | image/jpeg |
| 942 ## - ADDED ENTRY ELEMENTS (KOHA) | |
| Koha item type | |
| Withdrawn status | Lost status | Damaged status | Not for loan | Home library | Current library | Shelving location | Date acquired | Total checkouts | Full call number | Barcode | Date last seen | Price effective from | Koha item type |
|---|---|---|---|---|---|---|---|---|---|---|---|---|---|
| Biblioteca Prof. Eusebio Cleto del Rey | Biblioteca Prof. Eusebio Cleto del Rey | 07/04/2026 | P336.226.2 D542 2ed. | L119517 | 07/04/2026 | 07/04/2026 | Libro |